header

Terahertz science and technology for military and security applications (Record no. 33314)

MARC details
000 -LEADER
fixed length control field 01382nam a22003494a 4500
082 04 - DEWEY DECIMAL CLASSIFICATION NUMBER
Classification number 681/.2
245 00 - TITLE STATEMENT
Title Terahertz science and technology for military and security applications
260 ## - PUBLICATION, DISTRIBUTION, ETC. (IMPRINT)
Place of publication Hackensack, NJ :
Name of publisher World Scientific,
Year of publication c2007.
300 ## - PHYSICAL DESCRIPTION
Number of Pages viii, 251 p.
490 1# - SERIES STATEMENT
Series statement Selected topics in electronics and systems ;
650 #0 - SUBJECT ADDED ENTRY--TOPICAL TERM
Topical Term Detectors.
Topical Term Terahertz technology.
Topical Term Submillimeter waves.
700 1# - ADDED ENTRY--PERSONAL NAME
Personal name Woolard, Dwight L.
856 40 - ELECTRONIC LOCATION AND ACCESS
Uniform Resource Identifier http://site.ebrary.com/lib/rucke/Doc?id=10255962

No items available.

© 2026 Rongo University
Contact us: librarian | system librarian | Rongo university